| 000 | 00788nam a22002057a 4500 | ||
|---|---|---|---|
| 005 | 20240213090217.0 | ||
| 008 | 110829t es ||||| |||| 00| 0 spa d | ||
| 020 | _a9992301376 (v.17) | ||
| 020 | _a9992301376 (0bra completa) | ||
| 050 | 0 | 4 |
_aF1485.3.P7 _bW55 2004 |
| 100 | 1 | _aWilson,Alan Everett. | |
| 245 | 1 | 3 |
_aLa crisis de la integración Nacional en el Salvador 1919-1935. _c/ Everett Alan Wilson |
| 250 | _a1a ed. | ||
| 260 |
_aEl Salvador : _bConsejo Nacional para Cultura y el Arte, CONCULTURA, _c2004. |
||
| 300 |
_a248 paginas. ; _c23 cm. |
||
| 440 | 0 |
_aBiblioteca de Historia Salvadoreña _vNº 17 |
|
| 650 |
_2lemb _aHistoria _xPolítica y gobierno _zSan Salvador, El Salvador |
||
| 651 | 7 |
_2lemb _aSan Salvador, El Salvador _xHistoria _y1919-1935. |
|
| 942 |
_2lcc _cLIB |
||
| 999 |
_c11824 _d11824 |
||